[Event "Pan American-ch U20"]
[Site "Guayaquil"]
[Date "2018.06.21"]
[Round "5"]
[White "Menes Aguirre, Ivan"]
[Black "Zambrano Acebo, Jean Carlos"]
[Result "0-1"]
[WhiteElo "1792"]
[BlackElo "2152"]
[PlyCount "48"]
[EventDate "2018.06.19"]
[EventType "swiss"]
[EventRounds "9"]
[EventCountry "ECU"]
[SourceTitle "EXT 2019"]
[Source "ChessBase"]
[SourceDate "2018.10.10"]
[SourceVersion "1"]
[SourceVersionDate "2018.10.10"]
[SourceQuality "1"]

1. e4 c6 2. d3 d5 3. Nd2 e5 4. Ngf3 Bd6 5. g3 Ne7 6. Bg2 0-0 7. 0-0 h6 8. b3 Be6 9. Bb2 Nd7 10. d4 Bg4 11. h3 Bxf3 12. Nxf3 dxe4 13. Nxe5 f5 14. c4 Qc7 15. Nxd7 Qxd7 16. d5 c5 17. Qh5 Qe8 18. Qxe8 Raxe8 19. f3 exf3 20. Rxf3 Ng6 21. Raf1 f4 22. g4 Nh4 23. R3f2 f3 24. Bxf3 Bg3 0-1

[Event "South America-ch U20 13th"]
[Site "Manta"]
[Date "2017.04.29"]
[Round "8"]
[White "Menes Aguirre, Ivan"]
[Black "Sanchez Uriguen, Michael Edinson"]
[Result "1/2-1/2"]
[WhiteElo "1634"]
[BlackElo "1835"]
[PlyCount "60"]
[EventDate "2017.04.25"]
[EventType "swiss"]
[EventRounds "9"]
[EventCountry "ECU"]
[SourceTitle "CBM 178 Extra"]
[Source "ChessBase"]
[SourceDate "2017.06.22"]
[SourceVersion "1"]
[SourceVersionDate "2017.06.22"]
[SourceQuality "1"]

1. e4 c5 2. Nf3 d6 3. c3 Nf6 4. h3 Nc6 5. Bd3 Bd7 6. 0-0 g6 7. Bc2 Qc7 8. Qe2 e5 9. Rd1 Bg7 10. d4 0-0 11. dxc5 dxc5 12. a4 Nh5 13. Na3 a6 14. Nc4 Be6 15. Be3 Nf4 16. Qf1 Nd4 17. cxd4 cxd4 18. Bxf4 Bxc4 19. Bxe5 Bxe5 20. Bd3 Bxd3 21. Qxd3 Bg7 22. e5 Rad8 23. Rac1 Qa5 24. Rc4 Rfe8 25. Rxd4 Rxd4 26. Qxd4 Bxe5 27. Nxe5 Qxe5 28. Qxe5 Rxe5 29. Rd2 Re1+ 30. Kh2 Ra1 1/2-1/2

[Event "South America-ch U20 13th"]
[Site "Manta"]
[Date "2017.04.26"]
[Round "3"]
[White "Escobar, Lauro"]
[Black "Menes Aguirre, Ivan"]
[Result "0-1"]
[WhiteElo "2118"]
[BlackElo "1634"]
[PlyCount "74"]
[EventDate "2017.04.25"]
[EventType "swiss"]
[EventRounds "9"]
[EventCountry "ECU"]
[SourceTitle "CBM 178 Extra"]
[Source "ChessBase"]
[SourceDate "2017.06.22"]
[SourceVersion "1"]
[SourceVersionDate "2017.06.22"]
[SourceQuality "1"]

1. e4 e6 2. d4 d5 3. Nd2 Nf6 4. e5 Nfd7 5. f4 c5 6. Ngf3 Nc6 7. Nb3 Be7 8. Be2 0-0 9. 0-0 b6 10. c3 f6 11. Be3 a5 12. Nc1 cxd4 13. Nxd4 Nxd4 14. cxd4 fxe5 15. fxe5 Bg5 16. Qd2 Bxe3+ 17. Qxe3 Rxf1+ 18. Bxf1 Nf8 19. Nd3 Ng6 20. g3 Ba6 21. Bh3 Qe7 22. Rf1 Bxd3 23. Qxd3 Rf8 24. Rc1 Qg5 25. Bxe6+ Kh8 26. Rf1 Nf4 27. Qa3 Ne2+ 28. Kg2 Rxf1 29. Kxf1 Qc1+ 30. Kxe2 Qc2+ 31. Ke3 Qe4+ 32. Kf2 Qc2+ 33. Ke3 Qe4+ 34. Kd2 Qg2+ 35. Kc3 Qf3+ 36. Kc2 Qe2+ 37. Kb3 Qc4# 0-1

[Event "South America-ch U20 13th"]
[Site "Manta"]
[Date "2017.04.25"]
[Round "1"]
[White "Avila Pavas, Santiago"]
[Black "Menes Aguirre, Ivan"]
[Result "1-0"]
[WhiteElo "2259"]
[BlackElo "1634"]
[PlyCount "65"]
[EventDate "2017.04.25"]
[EventType "swiss"]
[EventRounds "9"]
[EventCountry "ECU"]
[SourceTitle "CBM 178 Extra"]
[Source "ChessBase"]
[SourceDate "2017.06.22"]
[SourceVersion "1"]
[SourceVersionDate "2017.06.22"]
[SourceQuality "1"]

1. d4 Nf6 2. Bf4 g6 3. e3 Bg7 4. Nf3 d6 5. h3 0-0 6. Be2 Nc6 7. 0-0 Nd7 8. Bh2 e5 9. c4 Kh8 10. Nc3 f5 11. Rb1 Ne7 12. Ng5 Nb8 13. dxe5 Nec6 14. Nf3 Nxe5 15. c5 Be6 16. cxd6 cxd6 17. Nd4 Bg8 18. Qd2 Nbd7 19. Ndb5 d5 20. Rfd1 Nb6 21. b3 Qe7 22. Rbc1 Rad8 23. Qe1 a6 24. Nd4 Nc6 25. Nxc6 bxc6 26. Bxa6 c5 27. Bf1 d4 28. exd4 Qxe1 29. Rxe1 cxd4 30. Nb5 d3 31. Rcd1 d2 32. Re2 Rd5 33. Rexd2 1-0